Detalles MARC
| 000 -CABECERA |
| campo de control de longitud fija |
02844nam a2200361 i 4500 |
| 003 - IDENTIFICADOR DEL NÚMERO DE CONTROL |
| campo de control |
DO-SdBNP |
| 005 - FECHA Y HORA DE LA ÚLTIMA TRANSACCIÓN |
| campo de control |
20250630100925.0 |
| 006 - CÓDIGOS DE INFORMACIÓN DE LONGITUD FIJA--CARACTERÍSTICAS DEL MATERIAL ADICIONAL |
| campo de control de longitud fija |
a||||gr|||| 00| 0 |
| 007 - CAMPO FIJO DE DESCRIPCIÓN FÍSICA--INFORMACIÓN GENERAL |
| campo de control de longitud fija |
ta |
| 008 - DATOS DE LONGITUD FIJA--INFORMACIÓN GENERAL |
| campo de control de longitud fija |
240719t2011 dr |||| |||| 00| e spa d |
| 020 ## - NÚMERO INTERNACIONAL ESTÁNDAR DEL LIBRO |
| Número Internacional Estándar del Libro |
9789945469509 |
| 040 ## - FUENTE DE LA CATALOGACIÓN |
| Centro catalogador/agencia de origen |
DO-SdBNP |
| Lengua de catalogación |
spa |
| Centro/agencia transcriptor |
BNPHU |
| Normas de descripción |
rda |
| 082 #4 - NÚMERO DE LA CLASIFICACIÓN DECIMAL DEWEY |
| Número de edición |
22 |
| Número de documento/Ítem |
T866S |
| 100 1# - ENTRADA PRINCIPAL--NOMBRE DE PERSONA |
| Nombre de persona |
Sánchez, Buenaventura |
| Fechas asociadas al nombre |
1900 - 1975 |
| Término indicativo de función/relación |
autor |
| 9 (RLIN) |
86144 |
| 245 10 - MENCIÓN DE TÍTULO |
| Título |
Trujillo: |
| Resto del título |
la agonía dominicana / |
| Mención de responsabilidad, etc. |
Buenaventura Sánchez; editor, León Félix Batista; liminar, José Rafael Lantigua. |
| 264 #1 - PRODUCCIÓN, PUBLICACIÓN, DISTRIBUCIÓN, FABRICACIÓN Y COPYRIGHT |
| Producción, publicación, distribución, fabricación y copyright |
Santo Domingo : |
| Nombre del de productor, editor, distribuidor, fabricante |
Editorial Nacional, |
| Fecha de producción, publicación, distribución, fabricación o copyright |
2011 |
| 300 ## - DESCRIPCIÓN FÍSICA |
| Extensión |
99 páginas ; |
| Dimensiones |
23 cm. |
| 336 ## - TIPO DE CONTENIDO |
| Fuente |
rdacontent |
| Término de tipo de contenido |
texto |
| Código de tipo de contenido |
txt |
| 337 ## - TIPO DE MEDIO |
| Fuente |
rdamedia |
| Nombre/término del tipo de medio |
sin mediación |
| Código del tipo de medio |
n |
| 338 ## - TIPO DE SOPORTE |
| Fuente |
rdacarrier |
| Nombre/término del tipo de soporte |
volumen |
| Código del tipo de soporte |
nc |
| 490 ## - MENCIÓN DE SERIE |
| Mención de serie |
30 de Mayo: Puerta a la Libertad. |
| 500 ## - NOTA GENERAL |
| Nota general |
Detalles relativos a 5,000 asesinatos cometidos por Trujillo en tres años de gobierno. |
| 500 ## - NOTA GENERAL |
| Nota general |
Incluye datos biográficos del autor en la solapa de la cubierta. |
| 505 ## - NOTA DE CONTENIDO CON FORMATO |
| Nota de contenido con formato |
Liminar / |
| Mención de responsabilidad |
José Rafael Lantigua. |
| Información miscelánea |
Introducción. |
| Título |
Vida y Carrera de Trujillo.-- Defensa de Trujillo.-- Réplica al Sr. Morillo.-- Diplomáticos de Chapita: atentados criminales y persecuciones.-- Latrocinios.-- Pesecución de cubanos.-- Obras públicas.-- Vaticinio de un Senador de la República.-- Actos de demencia.-- Lista de los principales ciudadanos asesinados por la tiranía de Trujillo.-- El caso del joven puertorriqueño Eduardo Colom y Piris (un affidávit de su señora madre).-- |
| -- |
No se trata de alabar al general Trujillo: Se trata de entregar inmediatamente al joven Piris o expliar por qué no.-- Espeluznante asesino de un puertorriqueño en Santo Domingo.--Más detalles sobre el asesinato del puertorriqueño Juan N. Miranda en Santo Domingo.-- Más detalles sobre la muerte del profesor Miranda en Santo Domingo.-- |
| -- |
Documentos confidenciales dirigidos por el general Enrique Loizana del Castillo, enviado extraordinario y ministro plenipotenciario en Santo Domingo, al Secretario de Estado de la República Cuba.-- Prisiones y asesinatos en masa. Adulacioón sin escrúpulos.-- Ridículos paralelos entre famosos capitanes y Trujillo. Una sola perspectiva: La insurrección--<br/>Los horrores de la prisión de Nigua.--Voracidad insaciable del tirano y de su hermano Virgilio Trujillo. |
| -- |
Conclusión. |
| 590 ## - NOTA LOCAL (RLIN) |
| Nota local |
Inventariado 2024 / MF |
| 600 14 - PUNTO DE ACCESO ADICIONAL DE MATERIA--NOMBRE DE PERSONA |
| Nombre de persona |
Trujillo Molina, Rafael Leónidas, |
| Fechas asociadas al nombre |
1891-1961 |
| 9 (RLIN) |
76764 |
| 600 14 - PUNTO DE ACCESO ADICIONAL DE MATERIA--NOMBRE DE PERSONA |
| Nombre de persona |
Sánchez, Buenaventura, |
| Fechas asociadas al nombre |
1900 - 1975 |
| Título de la obra |
Truijillo: La agonía dominicana. |
| Subdivisión de forma |
Biografía |
| 9 (RLIN) |
86145 |
| 650 #4 - PUNTO DE ACCESO ADICIONAL DE MATERIA--TÉRMINO DE MATERIA |
| Término de materia o nombre geográfico como elemento de entrada |
Homicidio Político |
| Subdivisión cronológica |
Era de Trujillo, 1930-1961 |
| Subdivisión geográfica |
República Dominicana |
| 9 (RLIN) |
61708 |
| 651 #0 - PUNTO DE ACCESO ADICIONAL DE MATERIA--NOMBRE GEOGRÁFICO |
| Nombre geográfico |
República Dominicana |
| Subdivisión general |
Historia |
| Subdivisión cronológica |
Era de Trujillo, 1930-1961 |
| 9 (RLIN) |
78796 |
| 700 1# - PUNTO DE ACCESO ADICIONAL--NOMBRE DE PERSONA |
| Nombre de persona |
Lantigua, José Rafael, |
| Fechas asociadas al nombre |
1949- |
| 9 (RLIN) |
1438 |
| Término indicativo de función/relación |
prólogo |
| 700 1# - PUNTO DE ACCESO ADICIONAL--NOMBRE DE PERSONA |
| Nombre de persona |
Batista, León Félix, |
| Fechas asociadas al nombre |
1964- |
| 9 (RLIN) |
12031 |
| Término indicativo de función/relación |
editor |
| 942 ## - ELEMENTOS DE PUNTO DE ACCESO ADICIONAL (KOHA) |
| Fuente del sistema de clasificación o colocación |
Dewey Decimal Classification |
| Tipo de ítem Koha |
Libro |